Polymer handbook /

Guardado en:
Otros Autores: Brandrup, J., (ed.), Immergut, E. H. (Editor ), McDowell, W. (Colaborador)
Formato: Libro
Idioma:English
Publicado: New York : Wiley, c1975.
Edición:2nd ed.
Materias:
Etiquetas: Agregar Etiqueta
Sin Etiquetas, Sea el primero en etiquetar este registro!
LEADER 00934cam a22002775a 4500
001 EIQ.libpla001719
008 740612s1975####nyu######b####001#0#eng#d
005 20061211184350.0
245 0 0 |a Polymer handbook /  |c J. Brandrup, E. H. Immergut, editors ; With the collaboration of W. McDowell. 
250 |a 2nd ed. 
260 |a New York :  |b Wiley,  |c c1975. 
300 |a 1 v. (en varias paginaciones) ;  |c 29 cm. 
500 |a "A Wiley Interscience publication." 
504 |a Incluye referencias bibliográficas e índice. 
020 |a 0471098043 
700 1 |a Brandrup, J.,  |e ed. 
700 1 |a Immergut, E. H.  |4 edt 
700 1 |a McDowell, W.  |4 clb 
082 0 0 |a 547/.84/0202 
650 4 |a Polímeros  |x Tablas. 
650 4 |a Polimerización  |x Tablas. 
650 0 |a Polymers  |x Tables. 
650 4 |a Polymerization  |x Tables. 
010 |a  74011381  
040 |a DLC  |c DLC  |d AR-BbSID 
859 |a AR-BbSID  |b BIB. PLAPIQUI  |h 547.840 202  |i P 762  |k R  |p 657